| 000 | 00653nam a2200205 u 4500 | ||
|---|---|---|---|
| 005 | 20241203063745.0 | ||
| 008 | 190508s2007 r 000 0 eng d | ||
| 020 | _a9789685901253 | ||
| 035 | _aUPN01000230403 | ||
| 049 | _aI | ||
| 050 | 4 |
_aQE861.5 _bC3.2 |
|
| 100 | 1 |
_aCaballero Leal, Laura Patricia _933109 |
|
| 245 | 1 | 0 |
_aDinosaurios grandes y pesados / _cLaura Patricia Caballero Leal ; il. Hilda M. Caballero Leal. |
| 260 |
_aMéxico : _bConstantine, _cc2007. |
||
| 300 |
_a24 p. : _bil. col. |
||
| 650 | 4 |
_aDinosaurios _vLiteratura infantil _99370 |
|
| 650 | 4 |
_aLibros y lectura para niños _92290 |
|
| 905 | _aInfantil | ||
| 999 |
_c202498 _d202498 |
||